| 000 | 00873nam a2200289Ia 4500 | ||
|---|---|---|---|
| 003 | OSt | ||
| 005 | 20220928104854.0 | ||
| 006 | a|||||r|||| 00| 0 | ||
| 007 | ta | ||
| 008 | 220927b |||||||| |||| 00| 0 eng d | ||
| 020 | _cIndian Rupees 800 | ||
| 024 | _a141421 | ||
| 037 |
_bGift, 31/12/2019, _cTextual |
||
| 040 |
_aSDCL _cSDCL _beng |
||
| 041 |
_2eng _aeng |
||
| 082 | _aV2:195'P, Q9 | ||
| 100 |
_aMukherjee Bhaswati _9412603 |
||
| 245 | 0 |
_aBharat aur europeeya sangh _b Ek antrang drishtikon |
|
| 260 |
_aNew Delhi _bPrabhat Prakashan _c2019 |
||
| 300 |
_a312p. _ccm. |
||
| 650 |
_a EU-India summit _9412604 |
||
| 650 |
_a European union Eu _9412605 |
||
| 650 |
_a India European union summit _9412606 |
||
| 650 |
_aGift _9391569 |
||
| 942 |
_hV2:195'P, Q9 _cTEXL _2CC |
||
| 999 |
_c728339 _d728339 |
||